000
00408nam a2200145Ia 4500
008
100204s9999 xx 000 0 und d
082
_b
18875
100
_a
कलंदर
245
_a
कानोकानी
260
_b
"रोहन प्रकाशन , मुंबई"
_c
1996
300
_a
175
630
_a
कानोकानी
730
_a
कानोकानी
942
_c
BOOK
999
_c
463298
_d
463295